[Event "AUTO-INT-1733"]
[Site "http://www.queenalice.com/game.php?id=841775"]
[Date "2010.10.4"]
[Round "2"]
[White "mateusamorim96"]
[Black "ditommaso"]
[Result "0-1"]
[WhiteElo "1694"]
[BlackElo "1847"]

1. d4 d5 2. Bf4 Bf5 3. Nf3 Nc6 4. a3 e6 5. e3 Bd6 6. c4 Bxf4 7. exf4 Nf6 8. c5
O-O 9. Nc3 a5 10. Bd3 Bxd3 11. Qxd3 Nh5 12. g3 f5 13. O-O-O a4 14. h3 Ne7 15.
Qe3 Rf6 16. Rhe1 g6 17. g4 Ng7 18. Rd2 Nc6 19. Ne5 Nxe5 20. Qxe5 Qd7 21. g5 Rf7
22. Qe3 Nh5 23. Qf3 Kg7 24. Rde2 Re8 25. Qe3 Rfe7 26. Qe5+ Kf7 27. Re3 b5 28.
Ne2 Rb8 29. Ng3 Ng7 0-1

[Event "AUTO-INT-1733"]
[Site "http://www.queenalice.com/game.php?id=841776"]
[Date "2010.10.4"]
[Round "2"]
[White "ditommaso"]
[Black "mateusamorim96"]
[Result "0-1"]
[WhiteElo "1747"]
[BlackElo "1871"]

1. e4 c5 2. Bc4 e6 3. Qf3 Nc6 4. Ne2 Nf6 5. d3 h6 6. O-O d5 7. exd5 exd5 8. Bb5
Bd7 9. Bxc6 Bxc6 10. d4 c4 11. Nbc3 Be7 12. b3 b5 13. Nf4 O-O 14. a4 a6 15. Bb2
Bd6 16. Ncxd5 Bxd5 17. Nxd5 Nxd5 18. Qxd5 Bxh2+ 0-1

[Event "AUTO-ADV-1790"]
[Site "http://www.queenalice.com/game.php?id=845795"]
[Date "2010.10.14"]
[Round "2"]
[White "Rutty"]
[Black "mateusamorim96"]
[Result "1-0"]
[WhiteElo "2052"]
[BlackElo "1842"]

1. e4 c5 2. Nf3 e6 3. c4 d5 4. cxd5 exd5 5. exd5 Qxd5 6. Nc3 Qd8 7. Bc4 Nc6 8.
h3 Nf6 9. O-O Be7 10. d3 O-O 11. Be3 b6 12. a3 Bb7 13. Qe2 h6 14. Rfe1 Bd6 15.
Rad1 Re8 16. Qd2 Ne5 17. Nxe5 Bxe5 18. a4 Nd5 19. Bxh6 gxh6 20. Qxh6 Nxc3 21.
Qg6+ Bg7 22. Bxf7+ 1-0

[Event "AUTO-ADV-1790"]
[Site "http://www.queenalice.com/game.php?id=845796"]
[Date "2010.10.14"]
[Round "2"]
[White "mateusamorim96"]
[Black "Rutty"]
[Result "0-1"]
[WhiteElo "1791"]
[BlackElo "2028"]

1. d4 d5 2. Bf4 Nf6 3. Nf3 Nc6 4. h3 Bf5 5. e3 e6 6. a3 Bd6 7. c4 O-O 8. Nc3
Bxf4 9. exf4 dxc4 10. Bxc4 a6 11. Nh4 Nxd4 12. O-O b5 13. Be2 c5 14. Nxf5 Nxf5
15. Bf3 Ra7 16. Rc1 c4 17. Qxd8 Rxd8 18. Rcd1 Rxd1 19. Rxd1 h6 20. Rd8+ Kh7 21.
Ra8 Rxa8 22. Bxa8 Nd4 23. Bb7 a5 24. Ba6 b4 25. axb4 axb4 26. Na2 c3 27. bxc3 b3
28. Nc1 b2 29. Bd3+ Nf5 30. Nb3 g6 31. Nc5 Nd5 32. Na4 Nxf4 33. Bxf5 gxf5 0-1

[Event "AUTO-ADV-1799"]
[Site "http://www.queenalice.com/game.php?id=850629"]
[Date "2010.10.26"]
[Round "2"]
[White "carlosfed"]
[Black "mateusamorim96"]
[Result "1-0"]
[WhiteElo "1909"]
[BlackElo "1733"]

1. e4 c5 2. c4 Nc6 3. Nf3 e6 4. d3 Be7 5. Be3 d5 6. cxd5 exd5 7. exd5 Qxd5 8.
Nc3 Qd8 9. Be2 Nf6 10. O-O O-O 11. h3 a6 12. Qc2 b5 13. a3 Bb7 14. Rad1 Rc8 15.
Ne4 Nxe4 16. dxe4 Qb6 17. b4 Nb8 18. bxc5 Bxc5 19. Bxc5 Qxc5 20. Qd3 Qc2 21. e5
Qxd3 22. Rxd3 Rfd8 23. Rfd1 Rxd3 24. Rxd3 Nc6 25. Rd6 h6 26. e6 fxe6 27. Rxe6
Kf7 28. Re3 1-0

[Event "AUTO-ADV-1799"]
[Site "http://www.queenalice.com/game.php?id=850630"]
[Date "2010.10.26"]
[Round "2"]
[White "mateusamorim96"]
[Black "carlosfed"]
[Result "0-1"]
[WhiteElo "1743"]
[BlackElo "1899"]

1. d4 d5 2. Bf4 Nc6 3. Nf3 Bg4 4. e3 e6 5. h3 Bh5 6. a3 Bd6 7. Bxd6 Qxd6 8. c4
dxc4 9. Bxc4 Nf6 10. O-O O-O 11. Qb3 Bxf3 12. gxf3 Na5 13. Qc2 Nxc4 14. Qxc4 a6
15. f4 b5 16. Qe2 Ne4 17. Kh1 f5 18. Nd2 g5 19. fxg5 Kh8 20. Nxe4 fxe4 21. Qg4
Rf3 22. Kg2 Rg8 23. h4 Qd5 24. Rg1 Rgf8 25. Raf1 R8f5 26. Qh5 Qd8 27. Qg4 Qf8
28. Kh1 Rxf2 29. Rxf2 Rxf2 0-1

[Event "AUTO-ADV-1799"]
[Site "http://www.queenalice.com/game.php?id=850633"]
[Date "2010.10.26"]
[Round "2"]
[White "Janivgm"]
[Black "mateusamorim96"]
[Result "1-0"]
[WhiteElo "1891"]
[BlackElo "1857"]

1. e4 c5 2. Nf3 e6 3. d4 cxd4 4. Qxd4 Nc6 5. Qa4 Nf6 6. Nc3 a6 7. a3 d6 8. Be3
Be7 9. O-O-O O-O 10. e5 Ne8 11. exd6 Nxd6 12. Bc5 Qc7 13. Qf4 e5 14. Nxe5 Nxe5
15. Qxe5 1-0

[Event "AUTO-ADV-1799"]
[Site "http://www.queenalice.com/game.php?id=850634"]
[Date "2010.10.26"]
[Round "2"]
[White "mateusamorim96"]
[Black "Janivgm"]
[Result "0-1"]
[WhiteElo "1845"]
[BlackElo "1788"]

1. d4 d5 2. Bf4 Nf6 3. Nf3 Bf5 4. e3 e6 5. a3 c6 6. c4 Qb6 7. c5 Qd8 8. Bd3 Bxd3
9. Qxd3 b6 10. b4 b5 11. O-O h6 12. h3 g5 13. Bh2 Bg7 14. Nc3 Nbd7 15. Ne5 Nxe5
16. Bxe5 Nh5 17. Bxg7 Nxg7 18. e4 Qc7 19. exd5 exd5 20. Rfe1+ Ne6 21. Re3 O-O-O
22. Rc1 Rde8 23. Nxb5 cxb5 24. Qxb5 Kd8 25. c6 Nxd4 26. Qxd5+ Kc8 27. Rxe8+ Rxe8
28. Qxd4 Re6 29. Qh8+ Qd8 30. Qxd8+ Kxd8 31. b5 Kc7 0-1

[Event "AUTO-ADV-1799"]
[Site "http://www.queenalice.com/game.php?id=850637"]
[Date "2010.10.26"]
[Round "2"]
[White "mateusamorim96"]
[Black "Andreu"]
[Result "0-1"]
[WhiteElo "1750"]
[BlackElo "1968"]

1. d4 d5 2. Bf4 Bf5 3. Nf3 Nc6 4. a3 Nf6 5. e3 e6 6. c4 Bd6 7. Bxd6 Qxd6 8. c5
Qd7 9. Nc3 a6 10. b4 b6 11. Bd3 Bg4 12. O-O O-O 13. h3 Bf5 14. Bxf5 exf5 15. Qc2
Ne4 16. Rac1 bxc5 17. dxc5 Qe6 18. Rcd1 Rfd8 19. Nd4 Nxd4 20. Rxd4 c6 21. Nxe4
fxe4 22. Rb1 f5 23. Qe2 g6 24. a4 Qf6 25. b5 Rab8 26. Rb2 axb5 0-1

[Event "AUTO-ADV-1799"]
[Site "http://www.queenalice.com/game.php?id=850638"]
[Date "2010.10.26"]
[Round "2"]
[White "Andreu"]
[Black "mateusamorim96"]
[Result "1-0"]
[WhiteElo "1960"]
[BlackElo "1758"]

1. e4 c5 2. Nf3 e6 3. d4 cxd4 4. Nxd4 Nf6 5. e5 Qa5+ 6. Nc3 Qxe5+ 7. Be2 Qc7 8.
O-O a6 9. Bg5 Be7 10. Bg4 Nc6 11. Re1 O-O 12. Bf3 Nxd4 13. Qxd4 Qd8 14. Ne4 Nxe4
15. Bxe7 Qxe7 16. Bxe4 Rb8 17. Rad1 Qd8 18. c4 Qc7 19. b3 b6 20. Rd3 Qc5 21.
Bxh7+ Kxh7 22. Rh3+ Kg8 23. Qd3 f6 24. Qg6 Qg5 25. Qd3 1-0

[Event "AUTO-ADV-1891"]
[Site "http://www.queenalice.com/game.php?id=865206"]
[Date "2010.11.29"]
[Round "2"]
[White "mateusamorim96"]
[Black "Mick_Gray"]
[Result "0-1"]
[WhiteElo "1713"]
[BlackElo "1862"]

1. d4 d5 2. Bf4 c5 3. Bxb8 Rxb8 4. dxc5 e5 5. b4 Bd7 6. Qxd5 Qc7 7. Nf3 f6 8. e3
Ne7 9. Qd2 b6 10. cxb6 Rxb6 11. a3 Ng6 0-1

[Event "AUTO-ADV-1891"]
[Site "http://www.queenalice.com/game.php?id=865207"]
[Date "2010.11.29"]
[Round "2"]
[White "Mick_Gray"]
[Black "mateusamorim96"]
[Result "1-0"]
[WhiteElo "1872"]
[BlackElo "1703"]

1. d4 d5 2. c4 e6 3. c5 a5 4. Bd2 b6 5. Qa4+ Bd7 6. Qa3 Nc6 7. e3 Nf6 8. Bb5 Ne4
9. Nf3 Nxd2 10. Nbxd2 Nb4 11. Qa4 1-0